01281 2200193 4500001002100000005001500021035002000036008004100056245007300097100003500170250000600205260004200211300001200253084001400265082000800279650001400287520077400301990001201075INLIS00000000000126420240712102154 a0010-0524000499240712 0 ind 1 aJadilah Wanita Yang Paling Bahagia /cDr. Aidh Bin Abdullah Al Qarni aDr. Aidh Bin Abdullah Al Qarni a1 aBandung :bIrsyad Baitus Salam,c2005 a320 hlm a200 AID j a200 4aNon Fiksi aBila anda pernah membaca buku best Seller LaTahzan, tentu nama Dr. Aidh Al-Qarni tak asing lagi bagi anda. Bila dalam buku tersebut beliau mampu membuat pembacanya terkesima dan larut dalam kebahagian batiniah, maka buku ini tak kalah hebatnya. Luar biasanya lagi, buku ini mengkhususkan bahasanya bagi kaum wanita sebagai makhluk Allah yang mendapat perhatian khusus dalam islam. Melalui bukunya kali ini beliau berusaha menghapus kesedihan di kalangan wanita. Diawali dengan untaian pengharapan penulis mengenai sosok wanita muslimah, diikuti dengan keutamaan keutamaan wanita dalam islam, Dr. Aidh Al-Qarni berhasil menggugah dunia mengenai peran tak tergantikan dari seorang wanita. Sungguh, buku ini akan membukakan pintu kebahagian hakiki bagi anda kaum hawa. a0744136